| 000 | 01977nam0a2200337 4500 | ||
|---|---|---|---|
| 001 | RU\NLR\bibl\939915 | ||
| 005 | 20260406141315.0 | ||
| 010 |
_a5-88819-189-2 _91500 |
||
| 021 |
_aRU _b2006-13276 _9651 |
||
| 035 | _a(NLR Aleph) 000928100 | ||
| 090 |
_a142411 _c142411 |
||
| 100 | _a20060427d2006 |||y0rusy50 ca | ||
| 101 | 0 | _arus | |
| 102 | _aRU | ||
| 105 | _ay ||||||||| | ||
| 200 | 1 |
_aНалоговая ответственность _eПрименение гл. 15 Налогового кодекса РФ "Общие положения об ответственности за совершение налоговых правонарушений" _e(с учетом Федерального закона РФ от 4 ноября 2005 года N° 137-ФЗ) _eсложные вопросы из практики налогового консультирования _fпод ред. А.В. Брызгалина |
|
| 210 |
_aЕкатеринбург _cНалоги и финансовое право _d2006 |
||
| 215 |
_a240 с. _d21 |
||
| 225 | 1 | _aСерия Из практики налоговой консультации | |
| 320 | _aБиблиогр. в тексте | ||
| 604 |
_171001$aРоссийская Федерация. Законы _150011$aНалоговый кодекс Российской Федерации$2psbo _aРоссийская Федерация. Законы _tНалоговый кодекс Российской Федерации |
||
| 606 | 1 |
_aНалоговые правонарушения _xОтветственность _yРоссийская Федерация _92402592 _3RU\NLR\auth\661432060 |
|
| 686 | _aХ621.033.2 | ||
| 686 | _aХ622.2 | ||
| 702 | 1 |
_4340 _8rus _7ca _aБрызгалин _bА. В. _f1966- _gАркадий Викторович _3RU\NLR\auth\773432 _9113428 |
|
| 801 | 0 |
_aRU _bNLR _c20060427 _grcr |
|
| 801 | 1 |
_aRU _bNLR _c20060427 |
|
| 830 | _aред. по кат. | ||
| 942 | _cBOOK | ||
| 980 | _aNB | ||